01476nam a2200409 i 4500001000700000003000800007005001700015006001900032007001500051008004100066020001800107020002700125035002300152035002400175035002500199035002100224040003100245050002700276080001300303082001500316245011900331264004400450300004100494336003100535337003300566338004300599500002300642588012500665600003100790650002900821650003400850650002600884651001400910655002700924700005300951856006201004126822FlNmELB20241217175945.0m o d | cr cnu||||||||140901s2011 sp o 001 0 spa d z9788484395966 a9788484397595 (e book) a(MiAaPQ)EBC3221009 a(Au-PeEL)EBL3221009 a(CaPaEBR)ebr10877566 a(OCoLC)992110582 aFINmELBbspaerdacFINmELB 4aLB1778.4.S7bD637 2011 a378(460)0 a378.4622300aDocta Minerva :bhomenaje a la profesora Luz de Ulierte Vázquez /ceditor y coordinador Felipe Serrano Estrella. 1aJaén :bUniversidad de Jaén,c2011. a1 recurso en línea (583 páginas) atextobtxt2rdacontent/spa acomputadorabc2rdamedia/spa arecurso en líneabcr2rdacarrier/spa aContiene índice. aDescripción basada en recurso en línea; Título de la página del título en PDF (e-libro, visto August 1, 2014).10aUlierte Vázquez, Luz de. 0aCollege teacherszSpain. 4aPersonal académico docente. 4aEnseñanza superior. 4aEspaña. 4aLibros electrónicos.1 aSerrano Estrella, Felipe,eeditor y coordinador.40uhttps://elibro.net/ereader/politecnicointernacional/55003